Statystyki dla Policjanci z serialu Policjantki i Policjanci po stopniu

Kliknij tutaj aby rozwiązać quiz!

Ogólne statystyki

  • Ten quiz został rozwiązany 140 razy
  • Średni wynik to 9 z 14

Statystyki odpowiedzi

StopieńPolicjant% Poprawnych
SierżantAlicja Morawska-Nowak | Juliusz Poniatowski | Krzysztof Zapała
85%
Aspirant SztabowyMikołaj Białach
85%
PodkomisarzZuzanna Kowal | Lena Kamińska | Miłosz Bachleda | Karolina Rachwał
84%
AspirantSzymon Zieliński | Natalia Mróz | Dariusz Wiśniewski
82%
Starszy SierżantEmilia Drawska-Zapała | Wojciech Niedźwiedzki | Marek Dorosz | Beata Gruda | Aleksandra Wysocka
78%
Młodszy InspektorRenata Jaskowska
73%
Starszy AspirantJacek Nowak | Marek Dorosz | Borys Jóźwiak
72%
InspektorJerzy Witacki
61%
PosterunkowyMałgorzata Witacka | Mieszko Pawlak | Julia Mazurek
56%
Starszy PosterunkowyJoanna Zatońska
53%
NadinspektorWojciech Wysocki
53%
Młodszy AspirantKarina Wolniewicz | Adam Kobielak
43%
Sierżant SztabowyMarek Dorosz | Monika Kownacka
42%
PodinspektorPrzemysław Kwieciński
27%

Rozkład punktacji

Percentyl według liczby udzielonych odpowiedzi

Procent ludzi z każdym wynikiem

Twoja historia wyników

Nie rozwiązałeś tego quizu